000 00955nam a2200277Ia 4500
003 OSt
005 20221007121704.0
006 a|||||r|||| 00| 0
007 ta
008 221006b |||||||| |||| 00| 0 eng d
020 _a812110047X (pbk)
_cRs.350.00
024 _a4768
037 _bResearchco,
_cTextual
040 _aBDL
_cBDL
_beng
041 _2eng
_aeng
082 _aI6, N0
100 _aSahni K C
_9619332
245 0 _aGymnosperms of India and adjacent countries by K C Sahni
260 _aDehra
_bDun Bishen Singh Mahendra Pal Singh
_c1990
300 _aii, 169p+48 plates
_ccm.
500 _aBibliography 154-162p; Index 163-169p; ^n23/CSL/Carb/97-98/4873^d1997-12-17^mPurchase; ; 97-98/296^b1998-02-06^cRBC-1091/97/R^d1998-01-10^eResearchco Book Centre; ; 1998-02-20^r1998-04-15
650 _a Gymnosperms
650 _aBotany
942 _hI6, N0
_cTEXL
_2CC
999 _c1209188
_d1209188